000 03089ngm a22004570a 4500
001 PT46529
003 AR-LpoUNG
005 20210201235955.0
007 vd cvaizq
008 191001s2011||||ag |||||||||||||||||spa d
037 _c$7.50
040 _aAR-LpoUNG
_bspa
_cAR-LpoUNG
_eaacr
041 _aspa
044 _aag
082 0 _a972.910 64 934pal
100 1 _aRuiz, Juan Pablo
_edir.
245 1 3 _aLa palabra empeñada
260 _aBuenos Aires :
_bCine Ojo - Solo Cine,
_c2011.
300 _aDVD (87 min.) : son., col.
505 0 _aGuión: Juan Pablo Ruiz y Martín Masetti. Fotografía y cámara: Juan Pablo Ruiz. Sonido directo: Juan Pablo Ruiz y Diego Kartaszewicz. Intèrpretes: Gabriel García Márquez, Ciro Bustos, Abelardo Colome Ibarra (Furry), Alejandro Doria, Osvaldo Bayer, Rogelio García Lupo, Conchita Dumois, Alberto Castellanos, Papito Serguera, Ulises Estrada, Juan Carretero, Oscar Fernández Mell, Orlando Borrego, Juan Marrero, Gabriel Jimenez, José Bodes, Hector Jouve, Miguel Tirantti, Ricardo Horvath, Alberto Spunberg, Ariel Maudet, Octavo del Valle, Belisario López. Subtítulos en inglés y español. Incluye extras de fotos, documentos, escenas no incluídas, biofilmografía, comentarios de los directores y biografía de los entrevistados.
520 _a"La Palabra Empeñada" constituye un apasionante y revelador testimonio sobre los últimos años de vida del periodista internacionalista Jorge Ricardo Masetti. Nacido en 1929 en Avellaneda, fue el único periodista argentino que cubrió la guerra de liberación de Cuba, en la que realizó unas entrevistas memorables a Fidel Castro y El Che Guevara en la Sierra Maestra. Luego fundó y dirigió en Cuba la agencia de noticias Prensa Latina -proyecto de resistencia frente a los monopolios de la información del que participaron, entre otros, Gabriel García Márquez, Rodolfo Walsh y Rogelio García Lupo-, y no mucho después, "sacrificó al periodista" para volcarse a la intervención directa en la lucha armada, colaborando primero en la guerra de liberación de Argelia y luego quedando al frente de la avanzada del Che Guevara en la argentina bajo el alias "Comandante Segundo". Apoyado en material de archivo y abundantes testimonios (de Gabriel García Márquez, de Alejandro Doria, o de Ciro Bustos entre muchos otros), " La Palabra Empeñada " hilvana una biografía posible de este hombre que vivió varias vidas antes de desaparecer en la selva de Salta en 1964, honrando hasta el último momento, "su palabra empeñada con el Che: hacer la revolución".
650 4 _aAMERICA LATINA
650 4 _aARGENTINA
650 4 _aBIOGRAFIAS
650 4 _aCUBA
650 4 _aENTREVISTAS
650 4 _aGUERRILLEROS
650 4 _aPERIODISMO
650 4 _aPERIODISTAS
650 4 _aREVOLUCION
650 4 _aSERVICIOS DE PRENSA
651 4 _aArgentina
653 _aCINE ARGENTINO
653 _aDOCUMENTALES
653 _aDVD
653 _aLUCHA ARMADA
653 _aVIDEOS
700 1 _aMasetti, Martín
_edir.
905 _a46529
942 _cDVD
999 _c53899
_d53899